000 00477nam a22001697a 4500
005 20251108173113.0
008 250721s2000 xx 000 0 ara d
082 1 4 _a651.37/علي
100 1 _aعليوة، سيد
245 1 0 _aالسكرتاريه التنفيذية /
264 1 _aالمنصورة :
_bجزيرة الورد،
_c2000.
300 _a116ص
650 1 7 _aإدارة المكاتب
650 1 7 _aالسكرتيرات
942 _2ddc
_cBK
999 _c96136
_d96136